000 00651nam a2200193Ia 4500
005 20250508155605.0
008 008 250505s9999 xx 000 0 eng d
037 _aTextual
040 _aFEDL
_beng
_cFEDL
041 _aeng
_2eng
084 _a379.11, ASS
_qFEDL
245 0 _aOperation clarification: A study of school budgeting, district organization and earthquake safety
245 2 _cA Report of the Subcommittee on School Efficiency and Economy
260 _c1967
300 _a104p.
546 _aAssembly interim committee reports Vol 10 1965-1967 Number 22
942 _cTEXL
_h379.11, ASS
999 _c1358051
_d1358051